000 00432nam a22001697a 4500
005 20180710100644.0
008 160524b xxu||||| |||| 00| 0 eng d
020 _a81-203-1369-0
041 _aeng
082 _b4753
_a658.15
100 _aPike, Richard & Bill, Neale
_94490
245 _aCorporate Finance and investment
260 _aNew Delhi
_bAcademic Faundation
300 _a689
650 _aManagement
_9241
942 _cBK
999 _c1611
_d1610